| 000 | 00433cam a2200181ua 4500 | ||
|---|---|---|---|
| 001 | 11824 | ||
| 008 | 180312n II |||gr||||Z||||||mni | ||
| 040 | _aMAIN | ||
| 041 | _aEnglish | ||
| 082 | _a028.7 YUM | ||
| 245 | _aSAGOI SALAIRUL | ||
| 260 |
_aMANIPUR: _bY.C.MEITEI, _c2017. |
||
| 300 |
_a112: _c20CM. |
||
| 500 | _aF/C BY CIIL, MYSORE | ||
| 653 | _aReference Books | ||
| 700 |
_aYUMNAM CHAOBA MEITEI, _eAUTHOR. |
||
| 942 | _cBK | ||
| 999 |
_c11789 _d11789 |
||